[Event "Sydney op-A"]
[Site "Parramatta"]
[Date "2013.04.05"]
[Round "5"]
[White "Spuler, David"]
[Black "Yermolenko, Taras"]
[Result "1-0"]
[WhiteElo "1987"]
[BlackElo "1816"]
[PlyCount "53"]
[EventDate "2013.04.03"]
[EventType "swiss"]
[EventRounds "9"]
[EventCountry "AUS"]
[SourceTitle "EXT 2023"]
[Source "ChessBase"]
[SourceDate "2022.10.05"]
[SourceVersion "1"]
[SourceVersionDate "2022.10.05"]
[SourceQuality "1"]

1. e4 d6 2. d4 Nf6 3. Nc3 g6 4. f3 c6 5. Be3 Qb6 6. Bc4 Bg7 7. Nge2 Qc7 8. a4 b6 9. 0-0 Ba6 10. Qd3 Bxc4 11. Qxc4 Nbd7 12. f4 Nxe4 13. Nxe4 d5 14. Qd3 dxe4 15. Qxe4 0-0 16. f5 Nf6 17. Qh4 Nd5 18. Bg5 Bf6 19. Ra3 Bxg5 20. Qxg5 f6 21. Qh6 g5 22. c4 Nb4 23. Rg3 Kf7 24. Qh5+ Kg7 25. Nf4 Kh8 26. Ne6 Qc8 27. Rh3 1-0

[Event "Sydney op-A"]
[Site "Parramatta"]
[Date "2013.04.03"]
[Round "1"]
[White "Tan, Justin Hy"]
[Black "Yermolenko, Taras"]
[Result "1-0"]
[WhiteElo "2249"]
[BlackElo "1816"]
[PlyCount "109"]
[EventDate "2013.04.03"]
[EventType "swiss"]
[EventRounds "9"]
[EventCountry "AUS"]
[SourceTitle "EXT 2023"]
[Source "ChessBase"]
[SourceDate "2022.10.05"]
[SourceVersion "1"]
[SourceVersionDate "2022.10.05"]
[SourceQuality "1"]

1. e4 c5 2. Nf3 Nc6 3. d4 cxd4 4. Nxd4 e5 5. Nb5 d6 6. N1c3 a6 7. Na3 b5 8. Nd5 Nf6 9. Bg5 Be7 10. Bxf6 Bxf6 11. c4 b4 12. Nc2 a5 13. g3 0-0 14. Bg2 Bg5 15. 0-0 Ra7 16. f4 exf4 17. gxf4 Bh6 18. Nde3 Ne7 19. Qd4 Nc6 20. Qd3 Qb6 21. Kh1 g6 22. Nd5 Qc5 23. b3 Bg7 24. Rad1 f5 25. Nde3 fxe4 26. Bxe4 Bh3 27. Qd5+ Qxd5 28. Bxd5+ Kh8 29. Bxc6 Bxf1 30. Rxf1 Raf7 31. Nd5 Be5 32. Kg2 g5 33. Be8 Rxe8 34. fxe5 Rxf1 35. Kxf1 Rxe5 36. Nd4 g4 37. Nc6 Rf5+ 38. Kg2 h5 39. Nxa5 Re5 40. Nc6 Re2+ 41. Kg3 Rxa2 42. Ndxb4 Rb2 43. Nd4 Kg7 44. Nbc2 Kf6 45. Kh4 Kg6 46. b4 Rb1 47. b5 Rd1 48. Kg3 Rb1 49. Nc6 d5 50. cxd5 Rxb5 51. d6 Kg5 52. d7 h4+ 53. Kg2 h3+ 54. Kg1 Rb1+ 55. Kf2 1-0